Algunas reflexiones a propósito del tiempo y del "deber de memoria" /

El presente artículo propone ciertas consideraciones clínicas para la reflexión de la experiencia subjetiva marcada por situaciones de violencia política extrema. Subraya, en su desarrollo, la noción de trauma, las trampas de la victimización como modo de representación de la experiencia, y plantea...

Full description

Bibliographic Details
Main Author: González B., Marcela
Format: Analitica de revista
Language:Spanish
Published: Santiago, Chile Universidad Academia de Humanismo Cristiano. Escuela de Educación 2006
Subjects:
Online Access:Disponible en línea (PDF). Biblioteca Digital UAHC

MARC

LEADER 00000cab a2200000 a 4500
001 027262
003 UAHC_CL
005 20210909175936.0
008 010822b xx j 000 1 spa
952 |0 0  |1 0  |4 0  |6 CASTALIA_11_06_000000000000000  |7 0  |8 General  |9 54528  |a BC  |b BC  |c General  |d 2017-08-03  |l 0  |o CASTALIA-11/06  |p FICTICIO1578  |r 2019-01-08 00:00:00  |t 1  |w 2017-08-03  |y REVA 
999 |c 27262  |d 27262 
040 |a UAHC_CL  |c UAHC_CL  |d UAHC_CL 
100 1 |a González B., Marcela 
245 1 0 |a Algunas reflexiones a propósito del tiempo y del "deber de memoria" /  |c Marcela González B. 
260 |b Universidad Academia de Humanismo Cristiano. Escuela de Educación  |c 2006  |a Santiago, Chile 
300 |a p. 57-64 
500 |a En: Castalia, Revista de psicología de la Academia, nº11, 2006. p. 57-64. ISSN 07174985. 
520 |a El presente artículo propone ciertas consideraciones clínicas para la reflexión de la experiencia subjetiva marcada por situaciones de violencia política extrema. Subraya, en su desarrollo, la noción de trauma, las trampas de la victimización como modo de representación de la experiencia, y plantea preguntas que permitan explorar posiciones diversas, desde el punto de vista del psicoanálisis. 
650 4 |a VIOLENCIA POLITICA 
650 4 |a TRAUMA PSIQUICO 
773 0 |t Castalia : Revista de psicología de la Academia.  |w 027192 
856 |u http://bibliotecadigital.academia.cl/xmlui/handle/123456789/2970  |y Disponible en línea (PDF). Biblioteca Digital UAHC 
900 |a CASTALIA-11/06 
942 |c REVA  |2 ddc